| 000 | 00577nam a2200229Ia 4500 | ||
|---|---|---|---|
| 003 | GCL | ||
| 008 | 140319s9999 xx 000 0 eng d | ||
| 040 |
_aGCL / _cGCL |
||
| 082 | 0 | 4 |
_a005.43 _bE V |
| 100 | 1 | _aJONS, H. | |
| 245 | 1 | 0 |
_aVIRTUAL REALITY SYSTEMS / _cJONS, H. |
| 700 | 1 | _aEAR SHAW, R.A. | |
| 700 | 1 | _aGIGANTE, M.A. | |
| 260 |
_a[S.N] : _bACDEMIC PRESS ، _c1993 |
||
| 300 | _a327 P | ||
| 650 | 0 | 4 | _aشعر الحرب |
| 650 | 0 | 4 | _aPROGRAMMING |
| 650 | 0 | 4 | _aCOMPUTER SYSTEM |
| 650 | 0 | 4 | _aVIRTUAL REALITY |
| 650 | 0 | 4 | _aINFORMATION SCIENCE |
| 942 |
_2ddc _cBK |
||
| 999 |
_c11843 _d11843 |
||